College Sports Logo's A-Z - Statistics

General Stats
  • This quiz has been taken 202 times
  • The average score is 15 of 26
Answer Stats
Picture Answer % Correct
Indiana
91%
Kansas
91%
Xavier
86%
Yale
86%
St. John's
85%
Wake Forest
85%
Eastern Michigan
82%
Rice
80%
Zane State
75%
Michigan State
70%
Arkansas St
65%
Vermont
64%
Nebraska
63%
Omaha
63%
Grambling State
60%
Pepperdine
58%
Lipscomb
53%
Denver
50%
Bradley
49%
Cal State-Fullerton
43%
Hampton
36%
Utah Tech
30%
Cal State-Northridge
13%
Manhatton
2%
St. Thomas MN
2%
Qunnipiac
1%
No matching quizzes found
Score Distribution
Percent of People with Each Score
Percentile by Number Answered
Your Score History
You have not taken this quiz